=LDR 00000nam 2200000 4500 =001 000173 =020 $9789791462082 =082 $615.799 =100 $$a Mas Suhartono =245 $$a Tumbuhan dan obat tradisional untuk pelbagai penyembuhan /$c Mas Suhartono =250 $Cetakan IV =264 $Bandung: Nuansa Cendekia 2024 =300 $58 halaman; 21 cm. =650 $Farmakologi =905 $615.8 MAS t =336 $$a =337 $$a =338 $$a =005 20260702151432.0 =008 260702s2026\\\\\\\\\\\\\\\\\\\\\\\\\\\\\\\\\\\\\\\\\